Music Quiz

Random Music or Letter Quiz

60 Second SPORCLE Blitz: Beatles Songs Quiz Stats

 Plays Quiz Updated Mar 24, 2017

Support Sporcle.
Go Orange.
Score 0/7 Timer 01:00
4 Plays Today
Letter Sample Song % Correct
LLet It Be
82.3%
PPenny Lane
72.2%
SSomething
70.9%
EEleanor Rigby
63.6%
OOb-La-Di, Ob-La-Da
52.8%
RRevolution
48.9%
CCome Together
48.8%

You're not logged in!

Compare scores with friends on all Sporcle quizzes.
OR
Log In
Forgot?

From the Vault

Los Angeles Dodgers Opening Day Starting Pitchers

by sathyamc

We think the Anaheim Dodgers of Los Angeles has a better ring to it.
Remove Ads.
Support Sporcle.
Get the best of Sporcle when you Go Orange. This ad-free experience offers more features, more stats, and more fun while also helping to support Sporcle. Thank you for becoming a member.

Show Comments

Extras

Top Quizzes Today


Score Distribution

Your Account Isn't Verified!

In order to create a playlist on Sporcle, you need to verify the email address you used during registration. Go to your Sporcle Settings to finish the process.

Report this User

Report this user for behavior that violates our Community Guidelines.

Details: